000 00406nam a2200145Ia 4500
008 130318s9999 xx 000 0 und d
020 _a9780470505366
082 _a658.404 PEN/P
100 _aPMI
245 _aProject port folio management:A view from the management trenches
260 _bWiley
_aU.S.A
_c2009
300 _a215
650 _aENTERPRISE PORTFOLIO MANAGEMENT
650 _aPROJECT MANAGEMENT
999 _c2500
_d2500